01309nam a22003134a 4500001001200000003000800012006001900020007001500039008004100054010001700095020002800112040002100140035002100161050002500182082002100207100002300228245012300251260004700374300001700421504005100438533015200489650004500641650004800686650006500734655002900799700002400828710001700852856012600869ebr10023123CaPaEBRm u cr cn|||||||||010629s2002 ctu sb 001 0 eng  z 2001037913 z089789720X (alk. paper) aCaPaEBRcCaPaEBR a(OCoLC)61472085814aLC213.2b.M58 2002eb04a379.2/6/09732211 aMitchell, Bruce M.10aUnequal opportunityh[electronic resource] :ba crisis in America's schools? /cBruce M. Mitchell, Robert E. Salsbury. aWestport, Conn. :bBergin & Garvey,c2002. axiii, 138 p. aIncludes bibliographical references and index. aElectronic reproduction.bPalo Alto, Calif. :cebrary,d2013.nAvailable via World Wide Web.nAccess may be limited to ebrary affiliated libraries. 0aEducational equalizationzUnited States. 0aDiscrimination in educationzUnited States. 0aChildren with social disabilitiesxEducationzUnited States. 7aElectronic books.2local1 aSalsbury, Robert E.2 aebrary, Inc.40uhttp://site.ebrary.com/lib/rucke/Doc?id=10023123zAn electronic book accessible through the World Wide Web; click to view